| 000 | 00848cam a22002891 4500 | ||
|---|---|---|---|
| 001 | 361 | ||
| 003 | BD-RjUL | ||
| 005 | 20220327161543.0 | ||
| 008 | 131117s1961 enk 001 0 eng d | ||
| 035 | _a(BD-RjUL)378 | ||
| 035 | _a(OCoLC)5155003 | ||
| 040 |
_aDLC _cOCl _dUk _dBD-RjUL _beng |
||
| 041 | _aeng | ||
| 082 |
_a027.0421 _216 _bLIB 1961 |
||
| 245 | 1 | 4 |
_aThe libraries of London / _cedited by Raymond Irwin and Ronald Staveley. |
| 250 | _a2d, rev. ed. | ||
| 260 |
_aLondon: _bLibrary Association, _cc1961. |
||
| 300 |
_a332 p. ; _c23 cm. |
||
| 504 | _aIncludes bibliographical references. | ||
| 526 | _bLibrary Science | ||
| 650 | 0 |
_aLibraries _zEngland _zLondon. _91150 |
|
| 700 |
_a Irwin, Raymond, ed. _92072 |
||
| 700 |
_aStaveley, Ronald, jt. ed. _92073 |
||
| 942 |
_2ddc _cBK |
||
| 999 |
_c361 _d361 |
||